| 000 | 01989cam a2200409 i 4500 | ||
|---|---|---|---|
| 999 |
_c63986 _d63986 |
||
| 001 | 753514 | ||
| 003 | CO-MdFUSB | ||
| 005 | 20180622072748.0 | ||
| 008 | 100615t2011 nyu f b 001 0 eng | ||
| 010 | _a 2010024690 | ||
| 020 | _a9780199738427 | ||
| 020 | _a0199738424 | ||
| 040 |
_aDLC _cCO-MdFUSB _dCO-MdFUSB _bspa _erda |
||
| 041 | _aeng | ||
| 049 | _aPTSS | ||
| 082 | 0 | 0 |
_224 _aG 215 _bD399s |
| 100 | 1 |
_aDennett, Daniel Clement. _eautor |
|
| 245 | 1 | 0 |
_aScience and religion _b: are they compatible? _c/ Daniel C. Dennett, Alvin Plantinga. |
| 264 | 1 |
_aNew York : _bOxford University Press, _c℗[2011] |
|
| 264 | 4 | _c©2011 | |
| 300 |
_aviii, 82 páginas _c: 21 cm. _b |
||
| 336 |
_2rdacontent _a1 _ba1 |
||
| 337 |
_2rdamedia _a2 _b5 |
||
| 338 |
_2rdacarrier _a2 _b5 |
||
| 490 | 1 | _aPoint/counterpoint series | |
| 501 | _aIncluye índice (páginas: 79- 82) | ||
| 505 | 0 | _aScience and religion: where the conflict really lies / Alvin Plantinga -- Truths that miss their mark: naturalism unscathed / Daniel C. Dennett -- Superman vs. God? / Alvin Plantinga -- Habits of imagination and their effect on incredulity: reply to Plantinga (essay 2) / Daniel C. Dennett -- Naturalism against science / Alvin Plantinga -- No miracles needed / Daniel C. Dennett. | |
| 505 | 0 | _aCiencia y religión: donde realmente se encuentra el conflicto / Alvin Plantinga -- Verdades que se pierden: el naturalismo ileso / Daniel C. Dennett -- Super hombre vs Dios? / Alvin Plantinga -- Hábitos de la imaginación y su efecto sobre la incredulidad: respuesta a Plantinga (ensayo 2) / Daniel C. Dennett -- Naturalismo contra la ciencia / Alvin Plantinga -- No se necesitan milagros / Daniel C. Dennett. | |
| 650 | 7 |
_aReligión y ciencia _9259 |
|
| 700 | 1 |
_aPlantinga, Alvin. _eautor |
|
| 830 | 0 | _aPoint/counterpoint series (Oxford, England) | |
| 942 | _cBK | ||